[Event "FRA-chT3 0405"]
[Site "France"]
[Date "2005.01.09"]
[Round "5"]
[White "Crahan, Alan"]
[Black "Caron, Pascal"]
[Result "1/2-1/2"]
[WhiteElo "1890"]
[BlackElo "2114"]
[PlyCount "45"]
[EventDate "2004.10.10"]
[EventType "team-tourn"]
[EventRounds "9"]
[EventCountry "FRA"]
[SourceTitle "EXT 2007"]
[Source "ChessBase"]
[SourceDate "2006.11.23"]
[SourceVersion "1"]
[SourceVersionDate "2006.11.23"]
[SourceQuality "1"]

1. Nf3 d6 2. d4 f5 3. c4 Nf6 4. Nc3 g6 5. Bg5 Nbd7 6. e3 Bg7 7. Be2 c6 8. Qb3 Qc7 9. 0-0 0-0 10. Rac1 Kh8 11. Rfd1 e5 12. Bxf6 Nxf6 13. c5 exd4 14. cxd6 Qxd6 15. Ng5 Qe7 16. exd4 Bh6 17. h4 Bxg5 18. hxg5 Ne4 19. Nxe4 fxe4 20. Rc5 Rf5 21. Qc3 Qg7 22. Bc4 Bd7 23. Qg3 1/2-1/2

[Event "Bretagne tt 0203"]
[Site "Bretagne"]
[Date "2002.10.13"]
[Round "1"]
[White "Lages, Michel"]
[Black "Crahan, Alan"]
[Result "1-0"]
[WhiteElo "1970"]
[BlackElo "1770"]
[PlyCount "111"]
[EventDate "2002.??.??"]
[EventType "team-tourn"]
[EventRounds "9"]
[EventCountry "FRA"]
[SourceTitle "EXT 2004"]
[Source "ChessBase"]
[SourceDate "2003.11.25"]
[SourceVersion "1"]
[SourceVersionDate "2003.11.25"]
[SourceQuality "1"]

1. c4 e5 2. Nc3 Nc6 3. Nf3 f5 4. d3 Nf6 5. g3 Bb4 6. Bd2 d6 7. a3 Ba5 8. Bg2 0-0 9. 0-0 e4 10. Ne1 Bxc3 11. Bxc3 Qe8 12. e3 Qg6 13. dxe4 Nxe4 14. Qc2 Be6 15. b3 Nxc3 16. Qxc3 Qf6 17. Qxf6 Rxf6 18. Nd3 g5 19. Rac1 Na5 20. Rb1 Rb8 21. Nb4 Rf7 22. Nc2 Nxb3 23. Rxb3 Bxc4 24. Rxb7 Rxb7 25. Bxb7 c5 26. Rb1 Bd3 27. Bd5 Bxc2 28. Bxf7+ Kxf7 29. Rb7+ Ke6 30. Rxa7 Bd3 31. f3 c4 32. Kf2 d5 33. Ke1 Ke5 34. Re7+ Kd6 35. Rxh7 Kc5 36. Rc7+ Kd6 37. Rc8 Ke5 38. Re8+ Kd6 39. Kd2 Kc5 40. f4 g4 41. Kc3 Kb5 42. Rd8 Be4 43. Rb8+ Ka5 44. Rh8 Bg2 45. Rh7 Ka4 46. Ra7+ Kb5 47. a4+ Kb6 48. Rf7 Be4 49. Kb4 Ka6 50. Rf6+ Kb7 51. a5 Ka7 52. Rh6 Bg2 53. Kb5 c3 54. Rh7+ Kb8 55. Kb6 Kc8 56. Rc7+ 1-0

[Event "FRA-chT4 0001"]
[Site "Bretagne"]
[Date "2000.12.10"]
[Round "3"]
[White "Le Montagner, Yoann"]
[Black "Crahan, Alan"]
[Result "1/2-1/2"]
[WhiteElo "1790"]
[BlackElo "1590"]
[PlyCount "112"]
[EventDate "2000.10.??"]
[EventType "team-tourn"]
[EventRounds "7"]
[EventCountry "FRA"]
[SourceTitle "EXT 2005"]
[Source "ChessBase"]
[SourceDate "2004.11.15"]
[SourceVersion "1"]
[SourceVersionDate "2004.11.15"]
[SourceQuality "1"]

1. e4 d6 2. d4 Nf6 3. Nc3 g6 4. Be3 Nc6 5. Nf3 Bg7 6. Be2 Bd7 7. Qd2 e5 8. dxe5 Nxe5 9. Nxe5 dxe5 10. Bg5 Bc6 11. Bd3 Qd7 12. Qe2 a6 13. a3 Qg4 14. Qxg4 Nxg4 15. f3 h6 16. Bd2 Nf6 17. Be3 0-0 18. Rd1 Rfd8 19. 0-0 Rd7 20. Rd2 Rad8 21. Rfd1 Nh7 22. Bc4 Bf8 23. Rxd7 Rxd7 24. Rxd7 Bxd7 25. Nd5 b5 26. Bb3 c6 27. Nb6 Be8 28. a4 Ng5 29. axb5 axb5 30. c4 Kg7 31. cxb5 cxb5 32. Bd5 Kf6 33. Na8 h5 34. Nc7 Bd7 35. Bxg5+ Kxg5 36. Bxf7 Bd6 37. Nd5 b4 38. h4+ Kh6 39. Ne3 Bc5 40. Kf2 g5 41. hxg5+ Kxg5 42. Ke2 Bb5+ 43. Nc4 Bxc4+ 44. Bxc4 h4 45. Be6 Bd4 46. b3 Kf4 47. Kd3 Bc3 48. Kc4 Kg3 49. Bh3 Kf4 50. Kd5 Kg5 51. Ke6 Bd4 52. Kd5 Bc3 53. Kc4 Bd2 54. Kd3 Bc3 55. Ke3 Bd4+ 56. Ke2 Kf4 1/2-1/2